[Event "Greifswald Springer op"]
[Site "Greifswald"]
[Date "2022.10.10"]
[Round "6"]
[White "Marzisch, Jens"]
[Black "Ibrahim Ahmed, Ahmed"]
[Result "1-0"]
[WhiteElo "1583"]
[BlackElo "1288"]
[PlyCount "81"]
[EventDate "2022.10.08"]
[EventType "swiss"]
[EventRounds "7"]
[EventCountry "GER"]
[SourceTitle "CBM 210 Extra"]
[Source "ChessBase"]
[SourceDate "2022.11.30"]
[SourceVersion "1"]
[SourceVersionDate "2022.11.30"]
[SourceQuality "1"]

1. d4 d5 2. Nf3 Nf6 3. e3 c5 4. c3 c4 5. Nbd2 g6 6. Be2 Bd7 7. 0-0 Nc6 8. Re1 Qc7 9. Bf1 Bg7 10. e4 b5 11. e5 Ng8 12. Ng5 e6 13. b3 h6 14. Nh3 f6 15. exf6 Bxf6 16. bxc4 bxc4 17. Nf3 Nge7 18. Nf4 Kf7 19. Qe2 Nd8 20. g3 g5 21. Nh5 Ng6 22. Nxf6 Kxf6 23. Bh3 Re8 24. Bg4 Bc8 25. Bh5 e5 26. Nxe5 Nxe5 27. Bxe8 Nd3 28. Qf3+ Kg7 29. Re3 g4 30. Qe2 Kf6 31. Ba3 Ne6 32. Qxg4 Ng5 33. Qe2 Bf5 34. Be7+ Qxe7 35. Rxe7 Be4 36. Rxe4 Nxe4 37. Qf3+ Kg7 38. Qf7+ Kh8 39. Bc6 Ng5 40. Qf6+ Kh7 41. Bxa8 1-0

[Event "Greifswald Springer op"]
[Site "Greifswald"]
[Date "2022.10.09"]
[Round "4"]
[White "Marzisch, Jens"]
[Black "Vakeel, Eshwar"]
[Result "1-0"]
[WhiteElo "1583"]
[BlackElo "1157"]
[PlyCount "55"]
[EventDate "2022.10.08"]
[EventType "swiss"]
[EventRounds "7"]
[EventCountry "GER"]
[SourceTitle "CBM 210 Extra"]
[Source "ChessBase"]
[SourceDate "2022.11.30"]
[SourceVersion "1"]
[SourceVersionDate "2022.11.30"]
[SourceQuality "1"]

1. d4 d5 2. Nf3 Nf6 3. e3 e6 4. Bd3 c5 5. c3 Nc6 6. Nbd2 Be7 7. 0-0 c4 8. Bc2 0-0 9. Qe2 b5 10. a3 Bb7 11. e4 Re8 12. e5 Nd7 13. Re1 Nf8 14. Nf1 Qb6 15. h3 a5 16. N3h2 b4 17. Qg4 b3 18. Bb1 g6 19. Ng3 Kh8 20. Bh6 Ra7 21. Qf4 Nd8 22. Ng4 Nd7 23. Bg5 Bxg5 24. Qxg5 Rf8 25. Qh6 Rg8 26. Nh5 f5 27. Ngf6 Nf7 28. Qxh7# 1-0

[Event "Greifswald Springer op"]
[Site "Greifswald"]
[Date "2022.10.08"]
[Round "1"]
[White "Christensen, Andreas"]
[Black "Marzisch, Jens"]
[Result "1-0"]
[WhiteElo "1835"]
[BlackElo "1583"]
[PlyCount "51"]
[EventDate "2022.10.08"]
[EventType "swiss"]
[EventRounds "7"]
[EventCountry "GER"]
[SourceTitle "CBM 210 Extra"]
[Source "ChessBase"]
[SourceDate "2022.11.30"]
[SourceVersion "1"]
[SourceVersionDate "2022.11.30"]
[SourceQuality "1"]

1. e4 d6 2. d4 Nf6 3. Nc3 g6 4. Bc4 Bg7 5. Nf3 0-0 6. 0-0 c6 7. a4 Nbd7 8. h3 a5 9. e5 Nd5 10. Bxd5 cxd5 11. exd6 e6 12. Nb5 Ra6 13. Bf4 Nb8 14. c3 Bd7 15. Qd3 Rb6 16. Rfe1 Qe8 17. Nc7 Qc8 18. b4 axb4 19. a5 Rc6 20. cxb4 Na6 21. b5 Nb4 22. Qd2 Nc2 23. bxc6 Nxe1 24. cxd7 Nxf3+ 25. gxf3 Qxd7 26. Rb1 1-0

[Event "Neubrandenburg-chB"]
[Site "Neubrandenburg"]
[Date "2022.04.12"]
[Round "7"]
[White "Marzisch, Jens"]
[Black "Birkholz, Karl Lukas"]
[Result "1/2-1/2"]
[WhiteElo "1563"]
[BlackElo "1616"]
[PlyCount "41"]
[EventDate "2022.04.09"]
[EventType "swiss"]
[EventRounds "7"]
[EventCountry "GER"]
[SourceTitle "CBM 207 Extra"]
[Source "ChessBase"]
[SourceDate "2022.05.31"]
[SourceVersion "1"]
[SourceVersionDate "2022.05.31"]
[SourceQuality "1"]

1. d4 d5 2. Nf3 Nf6 3. e3 e6 4. Bd3 c5 5. c3 Nc6 6. Nbd2 Bd6 7. 0-0 0-0 8. dxc5 Bxc5 9. e4 Bd6 10. Re1 e5 11. exd5 Nxd5 12. Nc4 Bc7 13. Ncxe5 Nxe5 14. Nxe5 Qd6 15. Nf3 Nf4 16. Bxf4 Qxf4 17. g3 Qf6 18. Qc2 Qxf3 19. Bxh7+ Kh8 20. Re3 Qh5 21. Re4 1/2-1/2

[Event "Mecklenburg VP-ch op"]
[Site "Greifswald"]
[Date "2021.06.26"]
[Round "5"]
[White "Boldt, Manfred"]
[Black "Marzisch, Jens"]
[Result "1-0"]
[WhiteElo "1706"]
[BlackElo "1579"]
[PlyCount "81"]
[EventDate "2021.06.24"]
[EventType "swiss"]
[EventRounds "7"]
[EventCountry "GER"]
[SourceTitle "EXT 2022"]
[Source "ChessBase"]
[SourceDate "2021.10.06"]
[SourceVersion "1"]
[SourceVersionDate "2021.10.06"]
[SourceQuality "1"]

1. d4 d5 2. e3 e5 3. Bd3 Nf6 4. Nd2 Be7 5. f4 c5 6. c3 Nbd7 7. Ngf3 b6 8. 0-0 Bb7 9. Nxe5 Ne4 10. Nxe4 dxe4 11. Bb5 0-0 12. Nxd7 a6 13. Ba4 Re8 14. Ne5 b5 15. Bc2 Qc7 16. Bd2 Rad8 17. Rc1 Qb6 18. Qe1 g6 19. Qg3 Kg7 20. Bd1 Rg8 21. a4 b4 22. cxb4 cxd4 23. exd4 Qxd4+ 24. Be3 Qxb4 25. Qf2 Rc8 26. Rxc8 Rxc8 27. b3 Bd5 28. Qb2 f6 29. Ng4 h5 30. Nf2 Bc4 31. Bd2 Qb6 32. a5 Qb7 33. Re1 Bc5 34. b4 Rd8 35. Qc3 Bxf2+ 36. Kxf2 Qd5 37. Be3 Kf7 38. Be2 Bxe2 39. Rxe2 Qd3 40. Qc5 f5 41. Rd2 1-0

[Event "Mecklenburg VP-ch op"]
[Site "Greifswald"]
[Date "2021.06.25"]
[Round "3"]
[White "Decker, Nils1111"]
[Black "Marzisch, Jens"]
[Result "0-1"]
[WhiteElo "1334"]
[BlackElo "1579"]
[PlyCount "82"]
[EventDate "2021.06.24"]
[EventType "swiss"]
[EventRounds "7"]
[EventCountry "GER"]
[SourceTitle "EXT 2022"]
[Source "ChessBase"]
[SourceDate "2021.10.06"]
[SourceVersion "1"]
[SourceVersionDate "2021.10.06"]
[SourceQuality "1"]

1. e4 d6 2. Nc3 Nf6 3. d3 g6 4. Be3 Bg7 5. Qd2 Ng4 6. h3 Nxe3 7. Qxe3 c5 8. Be2 Qa5 9. Kf1 Bxc3 10. bxc3 Qxc3 11. Rc1 0-0 12. h4 Nc6 13. h5 Qd4 14. Qg3 Qe5 15. f4 Qg7 16. hxg6 fxg6 17. Nf3 Qf6 18. f5 Rf7 19. fxg6 Qxg6 20. Qh2 Nd4 21. c3 Nxe2 22. Kxe2 Bg4 23. Rcg1 Rg7 24. Rf1 Rf8 25. Rhg1 Qf7 26. c4 Qf6 27. Rb1 Bxf3+ 28. gxf3 Qxf3+ 29. Kd2 Qf2+ 30. Qxf2 Rxf2+ 31. Ke3 Rxa2 32. Rxg7+ Kxg7 33. Rxb7 Kf7 34. Kf4 Kf6 35. Rb3 e5+ 36. Ke3 a5 37. Rb7 a4 38. Rxh7 a3 39. Ra7 Ra1 40. Kf3 a2 41. Kf2 Rh1 0-1